Datum a čas kvízu
21
Celkem bodů
Celkový počet nahraných bodů na tomto kvízu bez doplňovacích otázek.
4.
Pořadí na kvízu
Konečné umístění týmu na tomto kvízu.
Zaznamenané odpovědi
| # | Otázka | Odpověď | Body | Výsledky |
|---|---|---|---|---|
| 1. | Za zmanipulování televizní hry... | 1 | ||
| 2. | Sopka Sinabung s nadmořskou vý... | 0 | ||
| 3. | České herní studio Warhorse pr... | 1 | ||
| 4. | Z britských obrazovek musela z... | 0 | ||
| 5. | V utkání druhé německé fotbalo... | 0 | ||
| 6. | Jistě se mezi Vámi najde mnoho... | 0 | ||
| 7. | Vodák, který jede na lodi vzad... | 1 | ||
| 8. | Silný provaz, který se dá využ... | 0 | ||
| 9. | Kterým slovem na Š nazývají ka... | 0 | ||
| 10. | Kanoistům se mezi vrcholovými... | 0 |